000 00689nam a2200277Ia 4500
005 20260324133446.0
008 008 260324s9999 xx 000 0 eng d
020 _a9780429070150
037 _aEBOOK
040 _aCRL
040 _beng
040 _cCRL
041 _2eng
041 _aeng
084 _qCRL
100 _aO.V. Mukbaniani; G.E. Zaikov
_91193179
245 0 _aCyclolinear Organosilicon Copolymers: Synthesis, Properties, Application
260 _bTaylor and Francis
260 _c2003
365 _a
365 _b520
856 _uhttp://www.taylorfrancis.com/books/9780429070150
942 _cEBOOK
999 _c1792224
_d1792224